000 00448nam a2200181Ia 4500
001 45493
008 140428s9999 xx 000 0 und d
020 _aNA
040 _cPK-LaUMT
082 _aRHC 891.4393
_bSHA-S
100 _aSham Barkpur
245 _aSooraj mokhi (Urdu)
_cSham Barkpur
260 _aDhacca,Bengladesh:
_bCultural Academy,
_c1986
300 _a128 p.
546 _aUR
650 _aPakistani literature-Urdu
942 _cBK
999 _c43461
_d43461